Statistics for John Green Character Quiz

Click here to take the quiz!

General Stats

  • This quiz has been taken 11 times
  • The average score is 10 of 25

Answer Stats

HintAnswerBook% Correct
A big fan of metaphors.Augustus WatersThe Fault in Our Stars
75%
Often compared to Natalie Portman in looks.Hazel Grace LancasterThe Fault in Our Stars
75%
"My miracle was this: out of all the houses in all the subdivisions in all of Florida, I ended up living next door to _____"Margo Roth SpieglemanPaper Towns
75%
She was a hurricane.Alaska YoungLooking for Alaska
63%
He egged his ex-girlfriend's house with his friends.IsaacThe Fault in Our Stars
63%
Nicknamed "Pudge"Miles HalterLooking for Alaska
63%
His parents own the world's largest collection of black santas.Marcus LincolnPaper Towns
50%
His parents both work at a hospital.Will GraysonWill Grayson, Will Grayson
50%
He calls women "honeybunnies".Ben StarlingPaper Towns
38%
Nicknamed "The Colonel".Chip MartinLooking for Alaska
38%
She had a dead catfish placed under the seat of her car.Lacey PembertonPaper Towns
38%
She moved to the US from Romania at the age of 12.Lara ButerskayaLooking for Alaska
38%
Spent most of her life "chameleoning"Lindsey Lee WellsAn Abundance of Katherines
38%
Nicknamed "Q".Quentin JacobsenPaper Towns
38%
Nicknamed "The Duke".AngieLet it Snow
25%
He won "Kranial Kidz" on television.Colin SingletonAn Abundance of Katherines
25%
She writes Star Wars fanfiction.Daisy RamirezTurtles All the Way Down
25%
A would-be rich boy with raging daddy issues.Davis Pickett Jr.Turtles All the Way Down
25%
The motherfucking fox.Takumi HikohitoLooking for Alaska
25%
He has a crush on his best friend.TobinLet it Snow
25%
She regularly puts hand sanitizer in a consistently open cut on her finger.Aza HolmesTurtles All the Way Down
13%
For a short period, he called himself "Daddy" in the third person.Hassan HarbishAn Abundance of Katherines
13%
Her locker combination is 25-2-11.Jane TurnerWill Grayson, Will Grayson
13%
He makes it to the Waffle House first out of the group.JPLet it Snow
13%
"The world's largest person who is really, really gay, and also the world's gayest person who is really, really large."Tiny CooperWill Grayson, Will Grayson
13%

Score Distribution

Percentile by Number Answered

Percent of People with Each Score

Your Score History

You have not taken this quiz